01237cam a2200265 i 45000010009000000050017000090080041000260100017000670200018000840200018001020200018001200200018001380400028001560420008001840500023001920820012002151000041002272450094002682460065003623000046004275040053004735200231005266500039007577760175007962152256220221003115718.0200506s2021 ilua j b 001 0 eng  a 2020020314 a9781433571664 z9781433571671 z9781433571688 z9781433571695 aDLCbengcDLCerdadDLC apcc00aBR125.5b.M45 202100a2392231 aMcLaughlin, Rebecca,d1980-eauthor.10a10 questions every teen should ask (and answer) about Christianity /cRebecca McLaughlin.3 aTen questions every kid should ask (and answer) Christianity a206 pages :bcolor illustrations ;c21 cm aIncludes bibliographical references and indexes. a"The author uses kid-friendly illustrations and biblical truth to address 10 questions kids face about the Christian worldview, challenging young people to think deeply about hard topics and stand for truth in a secular age"-- 0aChristianityvJuvenile literature.08iOnline version:aMcLaughlin, Rebecca, 1980-t10 questions every kid should ask (and answer) about christianitydWheaton : Crossway, 2021.z9781433571671w(DLC) 2020020315